| 000 | 00591cam a22002291 4500 | ||
|---|---|---|---|
| 001 | sa 68013321 | ||
| 003 | DLC | ||
| 005 | 20260227112620.0 | ||
| 008 | 900105s1968 ii a b 000 0 hino | ||
| 010 | _asa 68013321 | ||
| 035 | _a(OCoLC)20851938 | ||
| 040 |
_aDLC _cWaU _dDLC |
||
| 042 | _apremarc | ||
| 050 | 0 | 0 |
_aBL1417 _b.B46 1968 |
| 100 | 1 |
_aBharati, Dharmvir, _d1926- |
|
| 245 | 1 | 0 | _aSiddha-sāhitya. |
| 260 | _c1968. | ||
| 300 |
_a553 p. _billus. _c22 cm. |
||
| 500 | _aIn Hindi. | ||
| 504 | _aBibliography: p. 537-547. | ||
| 650 | 0 |
_aBuddhist literature _xHistory and criticism. |
|
| 999 |
_c85035 _d85035 |
||